21) Casino Royale Quiz - Statistics

General Stats
  • This quiz has been taken 462 times
    456 since last reset
  • The average score is 5 of 10
Answer Stats
Question Answer % Correct
Bomb-maker Mollaka is played by Sébastien Foucan, a pioneer of which sport? parkour / freerunning
79%
Name either of the medical conditions Le Chiffre is afflicted by asthma / hemolacria
68%
How does Bond reply to Vesper's question: "How was your lamb?" "Skewered"
68%
Which government ministry does Vesper work for? HM Treasury
64%
With which kind of poker hand does Bond win the tournament? a straight flush
63%
How many millions of dollars is the poker tournament buy-in amount? 10
45%
Name the wife of Alex Dimitrios, played by Caterina Murino, who Bond seduces Solange
39%
What is Le Chiffre’s nationality in the film? Albanian
33%
In the film Le Chiffre batters Bond's balls with a rope. What does he use in the novel? a cane carpet-beater
28%
Which airline company unveils a new jumbo jet prototype? Skyfleet
26%
No matching quizzes found
Score Distribution
Percent of People with Each Score
Percentile by Number Answered
Your Score History
You have not taken this quiz since the last reset